000
00230nam a22000857a 4500
008
170605b xxu||||| |||| 00| 0 eng d
100
_9
3268
_a
Bhattacharya. B
245
_a
Our school Panorama
260
_a
New Delhi
_b
Arya Publication
_c
2005
999
_c
6582
_d
6582